| 000 | 005120000a22001930004500 | ||
|---|---|---|---|
| 001 | 004688 | ||
| 003 | MACL | ||
| 005 | 20150710141724.0 | ||
| 008 | 150710b xxu||||| |||| 00| 0 eng d | ||
| 040 |
_aMACL _cMACL |
||
| 041 | _aEnglish | ||
| 082 | _a320/IRU | ||
| 100 |
_aVatuk, Ved Prakash _91599 |
||
| 245 |
_aGhadr Party's _bLahore Conspiracy case:1915Judgment _cVed Prakash Vatuk |
||
| 260 |
_aIndia, _c2006 _bArchna Publication, |
||
| 350 | _a400 | ||
| 650 |
_aPolitical Science _988 |
||
| 942 |
_k320 _cBK _2ddc |
||
| 999 |
_c16575 _d16575 |
||